LEADER 03041nam a2200301 4500 001 000000340878 003 CaOOAMICUS 005 20200703103126.0 008 200703s18151830it 000 u ita r 040 $aSeMil$bita 100 11$aMalte-Brun, Conrad,$d<1775-1826>.$0(OLS)http://semarc/name/89813 245 00$aGeografia universale o Descrizione di tutte le parti del mondo trattata su d'un nuovo piano e giusta le gran divisioni naturali del globo preceduta dalla storia della geografia presso i popoli antichi e moderni e da una teorica generale della geografia matematica, fisica e politica; fornita di carte, prospetti analitici, sinottici ed elementari, e d'una tavola alfabetica delle denominazioni de' luoghi. Di Malte Brun. Traduzione dal francese. Tomo 1. [-8.]. 264 1$aMilano :$bDalla Tipografia Sonzogno e Compagni,$c1815-1830. 300 $a7 v. ;$c8° 650 4$aGeografia.$0(OLS)http://semarc/subject/2034 710 2 $aSonzogno e C.$c.$0(OLS)http://semarc/name/11985 752 $aIT$dMilano 774 0 $aMalte-Brun, Conrad <1775-1826>$t1: Storia della geografia.$dMilano : Dalla Tipografia Sonzogno e Compagni, 1815.$w()340879 774 0 $aMalte-Brun, Conrad <1775-1826>$t2: Teorica generale della geografia.$dMilano : Dalla Tipografia Sonzogno e Compagni, 1815.$w()340881 774 0 $aMalte-Brun, Conrad <1775-1826>$t3: Descrizione dell'Asia, eccetto l'India.$dMilano : Dalla Tipografia Sonzogno e Compagni, 1815.$w()340882 774 0 $aMalte-Brun, Conrad <1775-1826>$t4: Descrizione dell'Indie, dell'Oceanica e dell'Africa settentrionale.$dMilano : Dalla Tipografia Sonzogno e Compagni, 1815.$w()340883 774 0 $aMalte-Brun, Conrad <1775-1826>$t5: Descrizione dell'Africa meridionale e delle due Americhe.$dMilano : Dalla tipografia di Gio. Battista Sonzogno, 1819.$w()340884 774 0 $aMalte-Brun, Conrad <1775-1826>$t6: Descrizione dell'Europa orientale.$dMilano : Presso l'editore Lorenzo Sonzogno libraio sulla Corsia de' Servi n. 602, 1828.$w()340885 774 0 $aMalte-Brun, Conrad <1775-1826>$t7: Segue la descrizione dell'Europa.$dMilano : Presso l'editore Lorenzo Sonzogno libraio sulla Corsia de' Servi n. 602, 1828.$w()340886 774 0 $aMalte-Brun, Conrad <1775-1826>$tFine della descrizione dell'Europa e quadro generale.$dMilano : Presso l'editore Lorenzo Sonzogno libraio sulla Corsia de' Servi n. 602, 1830.$w()340887 996 $6245$aGeografia universale o Descrizione di tutte le parti del mondo trattata su d'un nuovo piano e giusta le gran divisioni naturali del globo preceduta dalla storia della geografia presso i popoli antichi e moderni e da una teorica generale della geografia matematica, fisica e politica; fornita di carte, prospetti analitici, sinottici ed elementari, e d'una tavola alfabetica delle denominazioni de' luoghi. Di Malte Brun. Traduzione dal francese. Tomo 1. [-8.]$9(OLS)http://semarc/title/429956 996 $6264$aMilano :$bDalla Tipografia Sonzogno e Compagni$9(OLS)http://semarc/publisher/34319 LEADER 00909nam a2200241 i 4500 001 000000076149 003 CaOOAMICUS 005 20240405112141.0 008 071029s1940 it u000 u ita u 013 $a47321 040 $aSeMil$bita 100 1 $aSalernitano, Masuccio.$0(OLS)http://semarc/name/37542 245 13$aIl Novellino /$cMasuccio Salernitano ; A cura di Alfredo Mauro. 260 $aBari :$bLaterza & Figli,$c1940. 300 $a444 p. ;$c22 cm. 490 0 $aScrittori d'Italia ;$v173 700 1 $aMauro, Alfredo.$0(OLS)http://semarc/name/37543 830 0$aScrittori d'Italia ;$v173.$0(OLS)http://semarc/title/138 850 $aSeMil 852 $aSeMil$W1$xVenegono$y1$m1E IV 121$j42301$B42301$CSeMilBibl$Z2$F42305 $81 996 $6245$aIl Novellino$9(OLS)http://semarc/title/123417 996 $6260$aBari :$bLaterza & Figli$9(OLS)http://semarc/publisher/29663